"Don't shake the baby" : the effectiveness of a prevention program (Record no. 66281)

MARC details
000 -CABECERA
campo de control de longitud fija 00660nam a2200229 a 4500
005 - FECHA Y HORA DE LA ÚLTIMA TRANSACCIÓN
campo de control 20210219153020.0
008 - ELEMENTOS DE LONGITUD FIJA--INFORMACIÓN GENERAL
campo de control de longitud fija 991125n 000 0 u
035 ## - NÚMERO DE CONTROL DEL SISTEMA
Número de control de sistema UPN01000073204
100 ## - ASIENTO PRINCIPAL--NOMBRE PERSONAL
Nombre de persona Showers, Jacy
222 ## - TÍTULO CLAVE
Título clave CHILD ABUSE AND NEGLECT :
Información calificativa THE INTERNATIONAL JOURNAL
245 ## - MENCIÓN DE TÍTULO
Título "Don't shake the baby" : the effectiveness of a prevention program
300 ## - DESCRIPCIÓN FÍSICA
Extensión 11-18
362 ## - FECHAS DE PUBLICACIÓN Y/O DESIGNACIÓN SECUENCIAL
Fecha de publicación y/o designación secuencial 16, No. 1, 1992
505 ## - NOTA DE CONTENIDO CON FORMATO PREESTABLECIDO
Nota de contenido con formato Septiembre 1992
653 0# - TERMINO DE INDIZACION - NO CONTROLADO
Término no controlado ACTITUD DE LOS PADRES
653 0# - TERMINO DE INDIZACION - NO CONTROLADO
Término no controlado EDUCACION DE PADRES
653 0# - TERMINO DE INDIZACION - NO CONTROLADO
Término no controlado EJECUCION DE PROGRAMAS
653 0# - TERMINO DE INDIZACION - NO CONTROLADO
Término no controlado NINO MALTRATADO
653 0# - TERMINO DE INDIZACION - NO CONTROLADO
Término no controlado PREVENCION
904 ## - ELEMENTOS DE DATOS D LOCAL, LDD (RLIN)
a AC
b 011015
905 ## - TIPO DE MATERIAL
Tipo de material Articulo

No items available.